Catálogo público

Guía ilustrada de las plantas del cerro Tetzcutzingo : (Record no. 97434)

MARC details
000 -CABECERA
campo de control de longitud fija 01609nam a22003857a 4500
003 - IDENTIFICADOR DEL NÚMERO DE CONTROL
campo de control CHAP
005 - FECHA Y HORA DE LA ÚLTIMA TRANSACCIÓN
campo de control 20220329143505.0
008 - DATOS DE LONGITUD FIJA--INFORMACIÓN GENERAL
campo de control de longitud fija 080125s1992 mx a r 00010 spa d
010 ## - NÚMERO DE CONTROL DE LA BIBLIOTECA DEL CONGRESO
Número de control de LC 97434
011 ## - ENLACE DEL NUMERO DE CONTROL DE LA BIBLIOTECA DEL CONGRESO [OBSOLETO]
Número de control de LC 98406
020 ## - NÚMERO INTERNACIONAL ESTÁNDAR DEL LIBRO
Número Internacional Estándar del Libro 9683627234
035 ## - NÚMERO DE CONTROL DEL SISTEMA
Número de control de sistema 109091
040 ## - FUENTE DE LA CATALOGACIÓN
Centro/agencia transcriptor CHAP
082 14 - NÚMERO DE LA CLASIFICACIÓN DECIMAL DEWEY
Número de clasificación 580.74097252
Número de documento/Ítem P96
100 1# - ENTRADA PRINCIPAL--NOMBRE DE PERSONA
Nombre de persona Pulido, Ma. Teresa P.
9 (RLIN) 92987
245 10 - MENCIÓN DE TÍTULO
Título Guía ilustrada de las plantas del cerro Tetzcutzingo :
Resto del título especies comunes en el Valle de México
Mención de responsabilidad, etc. /por Ma. Teresa P. Pulido y Stephen D. Koch
260 ## - PUBLICACIÓN, DISTRIBUCIÓN, ETC.
Lugar de publicación, distribución, etc. México, D.F. :
Nombre del editor, distribuidor, etc. UNAM, Instituto de Biologia,
Fecha de publicación, distribución, etc. 1992
300 ## - DESCRIPCIÓN FÍSICA
Extensión 237 p. :
Otras características físicas ilus.
490 #0 - MENCIÓN DE SERIE
Mención de serie Cuadernos del Instituto de Biología
Designación de volumen o secuencia ; 17
590 ## - NOTA LOCAL (RLIN)
Nota local BATCH-UPD
Procedencia (VM) [OBSOLETO] 10
Condición del los carretes individuales (VM) [OBSOLETO] 20130110
-- UCH01
-- 0945
590 ## - NOTA LOCAL (RLIN)
Nota local BATCH-UPD
Procedencia (VM) [OBSOLETO] 10
Condición del los carretes individuales (VM) [OBSOLETO] 20130410
-- UCH01
-- 0600
590 ## - NOTA LOCAL (RLIN)
Nota local BATCH-UPD
Procedencia (VM) [OBSOLETO] 10
Condición del los carretes individuales (VM) [OBSOLETO] 20130914
-- UCH01
-- 0738
590 ## - NOTA LOCAL (RLIN)
Nota local CONVERSION
Procedencia (VM) [OBSOLETO] 10
Condición del los carretes individuales (VM) [OBSOLETO] 20130109
-- UCH01
-- 1354
650 14 - PUNTO DE ACCESO ADICIONAL DE MATERIA--TÉRMINO DE MATERIA
Término de materia o nombre geográfico como elemento de entrada Botánica
Subdivisión general Clasificación.
9 (RLIN) 14516
650 14 - PUNTO DE ACCESO ADICIONAL DE MATERIA--TÉRMINO DE MATERIA
Término de materia o nombre geográfico como elemento de entrada Botánica
Subdivisión general México (Edo.)
9 (RLIN) 14593
700 0# - PUNTO DE ACCESO ADICIONAL--NOMBRE DE PERSONA
Nombre de persona Koch, Stephen D.
9 (RLIN) 63582
830 0# - PUNTO DE ACCESO ADICIONAL DE SERIE-TÍTULO UNIFORME
Título uniforme Cuadernos del Instituto de Biología
Designación de volumen o secuencia ; 17
9 (RLIN) 29841
901 ## - ELEMENTOS DE DATOS A LOCAL LDA (RLIN)
a BK
942 ## - ELEMENTOS DE PUNTO DE ACCESO ADICIONAL (KOHA)
Tipo de ítem Koha Libro
949 ## - PROCESAMIENTO DE INFORMACIÓN LOCAL (OCLC)
a 580.74097252 P96
b BC
c LIBRO
d 33724002117629
e LIBRO
f c.2
g I.c/e
h 111737
i 109091
s b
949 ## - PROCESAMIENTO DE INFORMACIÓN LOCAL (OCLC)
a 580.74097252 P96
b BC
c LIBRO
d 33724002118397
e LIBRO
g I.c/e
h 111729
i 109091
s b
949 ## - PROCESAMIENTO DE INFORMACIÓN LOCAL (OCLC)
a 580.74097252 P96
b BC
c LIBRO
d 33724002162512
e LIBRO
f c.3
g I.c/e
h 112138
i 109091
s b
949 ## - PROCESAMIENTO DE INFORMACIÓN LOCAL (OCLC)
a 580.74097252 P96
b BC
c LIBRO
d 33724002162553
e LIBRO
f c.4
g I.c/e
h 112143
i 109091
s b
949 ## - PROCESAMIENTO DE INFORMACIÓN LOCAL (OCLC)
a 580.74097252 P96
b BC
c LIBRO
d 33724002162595
e LIBRO
f c.5
g I.c/e
h 112046
i 109091
s b
Holdings
Estado de retiro Estado de pérdida Fuente del sistema de clasificación o colocación Estado dañado Restricciones de uso No para préstamo Código de colección Localización permanente Ubicación/localización actual Ubicación en estantería Fecha de adquisición Fuente de adquisición Información codificada de la localización en otra ubicación Total de préstamos Signatura topográfica completa Código de barras Fecha visto por última vez Fecha del último préstamo Número de copia Precio válido a partir de Tipo de ítem Koha
    Dewey Decimal Classification   Préstamo 15 días   General Biblioteca Central Biblioteca Central Planta alta - Colección General 31/12/2019 I.c/e LIBRO 2 580.74097252 P96 33724002117629 14/06/2024 04/06/2024 c.2 31/12/2019 Libro
    Dewey Decimal Classification   Préstamo 15 días   General Biblioteca Central Biblioteca Central Planta alta - Colección General 31/12/2019 I.c/e LIBRO 1 580.74097252 P96 33724002118397 22/06/2023 07/06/2023   31/12/2019 Libro
    Dewey Decimal Classification   Préstamo 15 días   General Biblioteca Central Biblioteca Central Planta alta - Colección General 31/12/2019 I.c/e LIBRO   580.74097252 P96 33724002162512 31/12/2019   c.3 31/12/2019 Libro
    Dewey Decimal Classification   Préstamo 15 días   General Biblioteca Central Biblioteca Central Planta alta - Colección General 31/12/2019 I.c/e LIBRO   580.74097252 P96 33724002162553 31/12/2019   c.4 31/12/2019 Libro
    Dewey Decimal Classification   Préstamo 15 días   General Biblioteca Central Biblioteca Central Planta alta - Colección General 31/12/2019 I.c/e LIBRO   580.74097252 P96 33724002162595 31/12/2019   c.5 31/12/2019 Libro